[Event "Bled op-B 25th"]
[Site "Bled"]
[Date "2008.02.28"]
[Round "7"]
[White "Turuncic, Bojan"]
[Black "Bogachov, Oleksiy"]
[Result "0-1"]
[WhiteElo "1910"]
[BlackElo "2100"]
[PlyCount "65"]
[EventDate "2008.02.23"]
[EventType "swiss"]
[EventRounds "9"]
[EventCountry "SLO"]
[SourceTitle "CBM 122 Extra"]
[Source "ChessBase"]
[SourceDate "2008.03.04"]
[SourceVersion "1"]
[SourceVersionDate "2008.03.04"]
[SourceQuality "1"]

1. e4 Nf6 2. Nc3 d5 3. e5 Nfd7 4. d4 c5 5. Bb5 e6 6. Nf3 Nc6 7. 0-0 cxd4 8. Ne2 Be7 9. Ng3 0-0 10. Bxc6 bxc6 11. Qxd4 f6 12. Bf4 c5 13. Qd2 fxe5 14. Nxe5 Nf6 15. Nc6 Qe8 16. Nxe7+ Qxe7 17. Bg5 Qd6 18. Bxf6 gxf6 19. Rad1 Rb8 20. c3 f5 21. Qg5+ Kh8 22. Rd2 Rb7 23. Nh5 Qe5 24. f4 Qe3+ 25. Rdf2 Rbf7 26. h3 d4 27. cxd4 cxd4 28. Kh2 Bb7 29. Rf3 Bxf3 30. Rxf3 Rg8 31. Qh4 Qd2 32. Rf2 Qb4 33. Nf6 0-1